| 000 | 00365nam a2200133Ia 4500 | ||
|---|---|---|---|
| 008 | 220204s9999 xx 000 0 und d | ||
| 082 |
_a331.456:631(540) _bWAD;1 |
||
| 100 | _aWADHWA, D C | ||
| 245 | 0 | _aAgrarian legislation in India. V 1. 1793-1966 | |
| 260 |
_aBombay _bOrient Longman _c1973 |
||
| 650 | _aAgrarian structure | ||
| 650 | _aAgriculture | ||
| 942 | _cBK | ||
| 999 |
_c22463 _d22463 |
||